| 000 -LEADER |
| fixed length control field |
01832cam a2200301 i 4500 |
| 003 - CONTROL NUMBER IDENTIFIER |
| control field |
OSt |
| 005 - DATE AND TIME OF LATEST TRANSACTION |
| control field |
20240117151301.0 |
| 008 - FIXED-LENGTH DATA ELEMENTS--GENERAL INFORMATION |
| fixed length control field |
230128s2022 sz a 000 0 ger |
| 020 ## - INTERNATIONAL STANDARD BOOK NUMBER |
| International Standard Book Number |
9783038603009 |
| Qualifying information |
paperback |
| 041 1# - LANGUAGE CODE |
| Language code of text/sound track or separate title |
eng |
| -- |
ger |
| 042 ## - AUTHENTICATION CODE |
| Authentication code |
pcc |
| 043 ## - GEOGRAPHIC AREA CODE |
| Geographic area code |
e-gx--- |
| 082 ## - DEWEY DECIMAL CLASSIFICATION NUMBER |
| Classification number |
720 |
| 245 04 - TITLE STATEMENT |
| Title |
Das Synagogen Projekt : |
| Remainder of title |
zum Wiederaufbau von Synagogen in Deutschland = The synagogue project : on the reconstruction of synagogues in Germany / |
| Statement of responsibility, etc |
Herausgeber, Jörg Springer, Manuel Aust. |
| 246 31 - VARYING FORM OF TITLE |
| Title proper/short title |
The synagogue project:on the reconstruction of synagogues in Germany |
| 300 ## - PHYSICAL DESCRIPTION |
| Extent |
237 pages : |
| Other physical details |
illustrations (partly color) ; |
| Dimensions |
30 cm |
| 505 00 - FORMATTED CONTENTS NOTE |
| Formatted contents note |
Zum Synagogen-Projekt = On the Synagoue Project / Monika Grütters -- Neue Synagogen = New synagogues in Hamburg & Berlin / Jörg Springer -- Slomon Korn im Gespräch mit Jörg Springer -- Mario Marcus & Dekel Peretz im Gespräch mit Ivan Reimann & Gesine Weinmiller -- Synagoge Fraenkelufer = Fraenkelufer Synagogue -- Edward van Voolen im Gespräch mit Jörg Springer -- Tempel Poolstrasse = Temple Poolstrasse -- Franz-Josef Höing & Philipp Stricharz im Gespräch mit Wolfgang Lorch, Ivan Reimann, Jörg Springer & Gesine Weimiller -- Mirjam Wenzel im Gespräch mit Wolfgang Lorch & Jörg Springer -- Wynagoge Bornplatz = Bornplatz Synagogue. |
| 546 ## - LANGUAGE NOTE |
| Language note |
Parallel texts in German and English. |
| 650 #0 - SUBJECT ADDED ENTRY--TOPICAL TERM |
| Topical term or geographic name as entry element |
Synagogue architecture |
| Geographic subdivision |
Germany. |
| 650 #0 - SUBJECT ADDED ENTRY--TOPICAL TERM |
| Topical term or geographic name as entry element |
Holocaust, Jewish (1939-1945), and architecture. |
| 650 #0 - SUBJECT ADDED ENTRY--TOPICAL TERM |
| Topical term or geographic name as entry element |
Architecture, Modern |
| Chronological subdivision |
21st century. |
| 650 #0 - SUBJECT ADDED ENTRY--TOPICAL TERM |
| Topical term or geographic name as entry element |
Architecture, German |
| Chronological subdivision |
21st century. |
| 700 1# - ADDED ENTRY--PERSONAL NAME |
| Personal name |
Springer, Jörg, |
| Relator term |
editor |
| 700 1# - ADDED ENTRY--PERSONAL NAME |
| Personal name |
Aust, Manuel, |
| Relator term |
editor |
| 906 ## - LOCAL DATA ELEMENT F, LDF (RLIN) |
| a |
7 |
| b |
cbc |
| c |
origres |
| d |
3 |
| e |
ncip |
| f |
20 |
| g |
y-gencatlg |
| 942 ## - ADDED ENTRY ELEMENTS (KOHA) |
| Source of classification or shelving scheme |
|
| 955 ## - COPY-LEVEL INFORMATION (RLIN) |
| Classification number, CCAL (RLIN) |
ve21 2023-02-03 |
| Book number/undivided call number, CCAL (RLIN) |
ff21 2023-08-31 |
| Classification number, CCAL (RLIN) |
ff00 2023-08-31 to GS/SBCG |
| Copy status, CST (RLIN) |
ff12 2023-11-15 to CMD |